| 000 | 01174naa a22003377a 4500 | ||
|---|---|---|---|
| 001 | BR7804466 | ||
| 003 | BR-BrBNA | ||
| 005 | 20240918174126.0 | ||
| 007 | ta | ||
| 008 | 230509b bl.||||| |||| 00| 0 por d | ||
| 040 |
_aBR-BrBNA _bpor _cBiblioteca Nacional de Agricultura |
||
| 041 | _a(Pt) | ||
| 072 |
_aF27; F30 _b0170 _bG514 |
||
| 090 | _aF27 BR7804466 | ||
| 100 | 1 | _aCoelho, A.M. | |
| 100 | 1 | _aSilva, B.G. da | |
| 245 | 1 | _aCompeticao de cultivares comerciais de sorgo forrageiro em regime de irrigacao [Sorghum spp.; Janauba; Minas Gerais; Brasil] | |
| 260 | 3 |
_aBelo Horizonte, MG (Brasil): _c1978. |
|
| 500 | _aProjeto milho-sorgo. Relatorio 75/77 Belo Horizonte, MG (Brasil): 1978. p. 77-82 (BR7804466-AM)F27 | ||
| 650 | _aCultivo do solo | ||
| 650 | _aMelhoramento genetico vegetal | ||
| 650 | _aSorgo forrageiro | ||
| 650 | _aPratica cultural | ||
| 650 | _aCultivo em faixa | ||
| 650 | _aIrrigacao | ||
| 650 | _aCompeticao de variedade | ||
| 650 | _aMinas Gerais | ||
| 773 | 0 |
_tProjeto milho-sorgo. Relatorio 75/77 _wF27 BR7804466 _gBelo Horizonte, MG (Brasil), 1978. p. 77-82 |
|
| 909 |
_a202404 _bLucia _c55 _dLucia Elande |
||
| 942 |
_cAM _2AGRIS |
||
| 999 |
_c309069 _d309069 |
||